French verbs taking "être" - Statistics

General Stats
  • This quiz has been taken 538 times
  • The average score is 9 of 14
Answer Stats
Hint Answer % Correct
A Aller
83%
V Venir
83%
M Mourir
73%
N Naître
72%
M Monter
71%
S Sortir
68%
D Descendre
63%
P Partir
62%
T Tomber
61%
R Retourner
55%
E Entrer
54%
A Arriver
52%
R Rentrer
51%
R Rester
46%
No matching quizzes found
Score Distribution
Percent of People with Each Score
Percentile by Number Answered
Your Score History
You have not taken this quiz